Architektúra fariem na Slovensku /

Salvato in:
Dettagli Bibliografici
Autore principale: Bartúnek, Pavel (Autore)
Natura: Libro
Lingua:slovacco
Pubblicazione: Bratislava: Pôdohospodársky projektový ústav Bratislava, SVŠT - Fakulta architektúry Bratislava, 2021
Edizione:1. vyd.
Soggetti:
Tags: Aggiungi Tag
Nessun Tag, puoi essere il primo ad aggiungerne!!

MARC

LEADER 00000nam a22000003a 4500
001 0097100
003 SK-STU
005 20220913134645.3
007 ta
008 220913s ----xo-----e------000-0-----d
020 |a 978-80-89019-37-3 
040 |a STU  |b slo 
041 0 |a slo  |h slo 
044 |a xo 
100 1 |a Bartúnek, Pavel  |4 aut  |r Z5 
245 1 0 |a Architektúra fariem na Slovensku /  |c aut. Pavel Bartúnek 
250 |a 1. vyd. 
260 |a Bratislava:  |b Pôdohospodársky projektový ústav Bratislava, SVŠT - Fakulta architektúry Bratislava,  |c 2021 
300 |a 93 s. 
650 0 7 |a farmy na Slovensku 
650 0 7 |a architektúra 
996 |b 284V037852  |c V* 53409/O-24569  |l VVT  |s A  |a 24  |w 0097100_0001